Maiores artilheiros de Seleções da América do Sul - Statistics

Estatísticas Gerais
  • Esse quiz foi jogado 53 vezes
  • A pontuação média é 7 de 10
Estatísticas das Respostas
Seleção Artilheiro % Correto
Argentina Messi
100%
Brasil Neymar Jr.
100%
Uruguai Luis Suárez
87%
Bolívia Marcelo Moreno
76%
Peru Paolo Guerrero
76%
Chile Alexis Sánchez
72%
Equador Enner Valencia
57%
Colômbia Radamel Falcao
48%
Paraguai Roque Santa Cruz
41%
Venezuela Salomón Rondón
41%
Nenhum quiz correspondente encontrado
Distribuição das Pontuações
Porcentagem de Pessoas com Cada Pontuação
Percentil de Números Respondidos
Sua Pontuação Histórica
Você não jogou esse quiz